Т. 2 : G - P; Большой англо-русский политехнический словарь

Detalles Bibliográficos
Parent link:Большой англо-русский политехнический словарь=Comprehensive English-Russian Scientific and Technical Dictionary: Свыше 600 000 терминов. Т. 2 : G - P.— , 1999
Lenguaje:inglés
ruso
Publicado: 1999
Materias:
Formato: MixedMaterials Libro
KOHA link:https://koha.lib.tpu.ru/cgi-bin/koha/opac-detail.pl?biblionumber=22858

MARC

LEADER 00000nam0a2200000 4500
001 22858
005 20231030194928.0
010 |a 5933860123 
035 |a (RuTPU)RU\TPU\book\23072 
035 |a BOOK00000836 
090 |a 22858 
100 |a 20011209d1999 km y0rusy50 ca 
101 0 |a eng  |a rus 
102 |a RU 
105 |a y e 000zy 
200 0 |a Т. 2 : G - P 
210 |d 1999 
215 |a 600 с. 
461 |t Большой англо-русский политехнический словарь  |l Comprehensive English-Russian Scientific and Technical Dictionary  |o Свыше 600 000 терминов  |o В 3-х томах  |v Т. 2 : G - P  |d 1999 
610 1 |a английский язык 
610 1 |a словари 
610 1 |a политехнические словари 
610 1 |a техника 
675 |a 62(031)  |v 3 
686 |a Ш143.21-43  |v LBC/SL-A  |2 rubbk 
801 0 |a RU  |b 63413507  |c 20011209  |g PSBO 
801 2 |a RU  |b 63413507  |c 20161017  |g PSBO 
942 |c BK